000 00475 a2200169 4500
003 Nust
005 20231202174336.0
008 170414b xxu||||| |||| 00| 0 eng d
040 _cNust
082 _a909
_bSPE
100 _aSpengler, Oswald
_917882
245 _aThe Decline of the West/
_cOswald Spengler
260 _aIslamabad :
_bNational Book Foundation,
_c2005
300 _axxix, 415 p. :
_bill. ;
_c23 cm
650 _adecline of the west
_9119434
942 _2ddc
_cBK
999 _c328743
_d328743